00768nam a2200193 a 450000100100000000500170001000800410002704000250006804100130009308200110010624500840011724600500020126000760025130000350032759000260036271000600038895201090044899900170055700004773620201002060715.0180724s2015 dr ac 000 0 spa d aDO-SdBNPbspacBNPHU17aspaheng axxbxx00aPlan apostólico de la provincia antillas =bApostolic Plan Antilles Province.13aApostolic Plan Antilles Province :b2015-2022 aSanto Domingo, República Dominicna :bCompañía de Jesús,c2015. a40 p. :bils., retrs ;c28 cm. aInventariado, 2019/VM2 aCompañía de Jesús (República Dominicana)975334 0010718PDaPDbPDcHDd2018-07-24iLF2l0oxx xxp47736-10r2020-06-25w2020-06-25yLFPDZNo se presta c47224d47224